LDR 00736naa#a2200181#i#450# 001 RU\\bibl\119676 005 20260517031435.7 011 ## _a2712-7516 100 ## _a20260508b2026####ek#y0rusy0150####ca 102 ## _aRU 200 1# _aЭталонные параметры маркетинг-микса организаций дпо на основе бенчмаркинга _eЖурнальная статья 210 1# _aМосква _cУниверситет ИТБО _d2026 215 ## _a0 с. 608 ## _aЖурнальная статья _2local 675 ## _aМаркетинг. 339.138 _z 700 #1 _aБаталов _gДанил Александрович 700 #1 _aСемибратский _gМаксим Викторович 856 4# _ajomeam.ru _u